Modelo de pruebas para evaluar la transmisión y reflexión de la antena de radar de un avión
Salvato in:
| Autore principale: | |
|---|---|
| Natura: | Libro |
| Pubblicazione: |
San José, C.R. : [editor no identificado]
1999
|
| Soggetti: | |
| Tags: |
Aggiungi Tag
Nessun Tag, puoi essere il primo ad aggiungerne!!
|
MARC
| LEADER | 00000nam a2200000Ia 4500 | ||
|---|---|---|---|
| 003 | 008687 | ||
| 005 | 20221231144217.0 | ||
| 008 | 140114s1999 cr a m 000 ||s d | ||
| 040 | |c cru CEDI | ||
| 090 | |a TFG 4000 | ||
| 100 | |a Acosta Guevara, Jahaziel |9 7774 | ||
| 245 | |a Modelo de pruebas para evaluar la transmisión y reflexión de la antena de radar de un avión | ||
| 260 | |c 1999 |a San José, C.R. : [editor no identificado] | ||
| 300 | |a vii, 42 hojas : ilustraciones | ||
| 500 | |a Proyecto de graduación (bachillerato en ingeniería eléctrica)--Universidad de Costa Rica. Facultad de Ingeniería. Escuela de Ingeniería Eléctrica | ||
| 650 | |x ANTENAS (ELECTRONICA) - DISEÑO Y CONSTRUCCION |x ANTENAS - DISEÑO Y CONTRUCCION |9 8657 | ||
| 942 | |c TFG | ||
| 999 | |c 18481 |d 18481 | ||
